000 00352nam a2200169Ia 4500
100 _aRaghavan/V
650 _aMaterial science
250 _a5
942 _cBK
366 _f20
654 _amaterial science
245 _aMaterial Science and Engineering
260 _bprentice hall
_c2004
300 _a439
546 _aENGLISH
999 _c21239
_d21239